| 000 | 00000nas 2200000zi 4500 |
| 001 | 9.931447 |
| 003 | CaOODSP |
| 005 | 20240116131849 |
| 006 | m o d f |
| 007 | cr ||||||||||| |
| 008 | 231213c20229999bccmr p o f0###a0eng|d |
| 040 | |aCaOODSP|beng|erda|cCaOODSP |
| 041 | |aeng|afre |
| 043 | |an-cn--- |
| 086 | 1 |aIu85-14-PDF |
| 110 | 2 |aDestination Canada.|eauthor,|eissuing body. |
| 245 | 10|aDestination Canada monthly COVID-19 resident sentiment = |bSondage mensuel de Destination Canada sur l'opinion des résidents quant à la situation liée à la COVID-19. |
| 246 | 31|aSondage mensuel de Destination Canada sur l'opinion des résidents quant à la situation liée à la COVID-19 |
| 264 | 1|a[Vancouver] : |bDestination Canada, |c[2022]- |
| 310 | |aMonthly |
| 336 | |atext|btxt|2rdacontent |
| 337 | |acomputer|bc|2rdamedia |
| 338 | |aonline resource|bcr|2rdacarrier |
| 362 | 1 |aBegan with : 2022/06/02. |
| 546 | |aText in English and French. |
| 588 | |aDescription based on: 2022/06/02. |
| 588 | |aLatest issue consulted: December 2022. |
| 610 | 20|aDestination Canada |vPeriodicals. |
| 650 | 0|aCOVID-19 (Disease)|zCanada|xPublic opinion|vPeriodicals. |
| 650 | 0|aTravel|xHealth aspects|zCanada|vPeriodicals. |
| 655 | 7|aPeriodicals|2lcgft |
| 780 | 00|tDestination Canada weekly COVID-19 resident sentiment = |w(CaOODSP)9.931422 |
| 792 | |tDestination Canada monthly COVID-19 resident sentiment = |efre|w(CaOODSP)9.931456 |